000 00637nam a2200181 a 4500
001 000024597
005 20200930023246.0
008 090918s1996 bo 000 0 spa d
040 _aDO-SdBNP
_bspa
_cBNPHU
082 _axxxxxxxx
100 1 _aPiña, Nelly C.
_950437
245 1 0 _aCómo hacer un proyecto de investigación /
_cNelly C. Piña.
260 _aLa paz, Bolivia :
_bOrganización Panamericana de la Salud ,
_c1996.
300 _a150 p. : ;
_c26 cm.
490 1 _aIntroducción a la metodología de la investigación
590 _aInventariado,2018/DG
830 0 _aIntroducción a la metodología de la investigación
_950438
999 _c24090
_d24090